[Event "POR-chT 1st League 2017"]
[Site "Leiria"]
[Date "2017.07.20"]
[Round "6"]
[White "Diogo, Vasco"]
[Black "Strikovic, Aleksa"]
[Result "1/2-1/2"]
[WhiteElo "2509"]
[BlackElo "2213"]
[Annotator "TA"]
[PlyCount "69"]
[EventDate "2017.??.??"]
[EventType "team-tourn"]
[EventCountry "POR"]
[SourceTitle "playchess.com"]
[Source "ChessBase"]
[SourceQuality "1"]

{[%evp 17,69,10,12,4,35,42,33,41,102,85,111,109,100,52,81,59,112,110,110,106,110,114,111,109,117,131,128,58,86,86,226,48,48,43,43,47,29,38,65,66,68,-115,-115,-116,-146,-197,-197,-197,-196,-182,-174,-156,-162,-143]} 1. Nf3 c5 2. c4 Nf6 3. g3 g6 4. Bg2 Bg7 5. d4 cxd4 6. Nxd4 O-O 7. Nc3 Nc6 8. O-O Qa5 9. Nb3 Qh5 10. Nd5 {A39: Symmetrical English vs ...g6: 4 Bg2 Bg7 5 Nf3 Nf6 6 0-0 0-0 7 d4} g5 $146 (10... Ng4 11. h3 $16) ({Predecessor:} 10... d6 11. Nf4 Qe5 12. e4 Bg4 13. f3 Bd7 14. Rf2 b5 15. Nd3 Qh5 16. Nf4 Qe5 17. c5 dxc5 {½-½ (65) Adams,M (2738)-Bacrot,E (2711) Baden-Baden 2015}) 11. e4 Qxd1 ({But not} 11... Ng4 $2 12. h3 $18) 12. Rxd1 {White is slightly better.} g4 (12... h6 $1 $14) 13. c5 Nxd5 14. exd5 Ne5 15. d6 exd6 16. cxd6 Rb8 (16... Nf3+ $14 17. Bxf3 gxf3) 17. Be3 $16 b6 18. Rac1 $36 {[%mdl 2048] Black is under strong pressure.} a5 19. Nd4 Ba6 20. Rc7 Rfe8 21. b3 Bf8 22. Nf5 (22. Be4 $16) 22... Be2 23. Rd5 Bd3 {[#]} (23... f6 $16) 24. Rxd3 $2 (24. Ne7+ $1 $18 {[%mdl 512]} Bxe7 25. Rxe5 (25. dxe7 Rxe7 26. a4 Rbe8 $14)) 24... Nxd3 $14 25. Rxd7 Ne5 26. Rb7 Rxb7 27. Bxb7 Nd7 28. Bc6 Rd8 29. Bd4 $2 {[#]} (29. Bg5 $14 f6 30. Bd5+ Kh8 31. Be3) 29... Bxd6 $1 $17 30. Bxd7 Rxd7 31. Bxb6 (31. Nh6+ $17 Kf8 32. Bxb6) 31... Bc7 $19 32. Bxc7 Rxc7 $17 {KR-KN} 33. Nh6+ Kg7 34. Nxg4 Rc2 35. a4 {Precision: White = 44%, Black = 38%.} 1/2-1/2

[Event "POR-chT 1st League 2017"]
[Site "Leiria"]
[Date "2017.07.20"]
[Round "6"]
[White "Strikovic, Aleksa"]
[Black "Diogo, Vasco"]
[Result "*"]
[WhiteElo "2509"]
[BlackElo "2213"]
[Annotator "TA"]
[PlyCount "69"]
[EventDate "2017.??.??"]
[EventType "team-tourn"]
[EventCountry "POR"]
[SourceTitle "playchess.com"]
[Source "ChessBase"]
[SourceQuality "1"]

{[%evp 17,69,18,33,8,57,61,76,64,112,79,114,115,107,68,82,62,103,105,105,98,100,102,104,110,116,109,161,57,94,70,197,54,50,53,49,52,39,44,83,70,51,-114,-114,-114,-114,-196,-194,-197,-186,-189,-182,-167,-167,-161]} 1. Nf3 c5 2. c4 Nf6 3. g3 g6 4. Bg2 Bg7 5. d4 cxd4 6. Nxd4 O-O 7. Nc3 Nc6 8. O-O Qa5 9. Nb3 Qh5 10. Nd5 {A39: Symmetrical English vs ...g6: 4 Bg2 Bg7 5 Nf3 Nf6 6 0-0 0-0 7 d4} g5 $146 (10... Ng4 $6 11. h3 $16) ({Predecessor:} 10... d6 11. Nf4 Qe5 12. e4 Bg4 13. f3 Bd7 14. Rf2 b5 15. Nd3 Qh5 16. Nf4 Qe5 17. c5 dxc5 {½-½ (65) Adams,M (2738)-Bacrot,E (2711) Baden-Baden 2015}) 11. e4 Qxd1 ({Don't take} 11... Ng4 $2 12. h3 $18) 12. Rxd1 {White is better.} g4 13. c5 Nxd5 14. exd5 ({Don't do} 14. Rxd5 Rd8 $14) 14... Ne5 15. d6 exd6 16. cxd6 Rb8 17. Be3 b6 18. Rac1 a5 19. Nd4 Ba6 20. Rc7 Rfe8 21. b3 Bf8 (21... Bd3 $16) 22. Nf5 ({White should play} 22. Bf4 $1 $18) 22... Be2 23. Rd5 Bd3 {[#]} ({Black should try} 23... f6 $1 $14) 24. Rxd3 (24. Ne7+ $1 $18 {[%mdl 512]} Bxe7 25. Rxe5 (25. dxe7 Rxe7 26. a4 h5 $14)) 24... Nxd3 $14 25. Rxd7 Ne5 26. Rb7 Rxb7 27. Bxb7 Nd7 28. Bc6 Rd8 29. Bd4 $2 {[#]} (29. Bg5 $14 {stays ahead.} f6 30. Bd5+ Kh8 31. Be3) 29... Bxd6 $1 $17 30. Bxd7 Rxd7 31. Bxb6 (31. Nh6+ $17 {keeps fighting.} Kf8 32. Bxb6) 31... Bc7 $19 {Black is clearly better.} 32. Bxc7 Rxc7 $17 {KR-KN} 33. Nh6+ Kg7 34. Nxg4 Rc2 35. a4 {Precision: White = 44%, Black = 39%.} *

[Event "POR-chT 1st League 2017"]
[Site "Leiria"]
[Date "2017.07.20"]
[Round "6"]
[White "Cuenca Jimenez, Jose Fernando"]
[Black "Zelbel, Patrick"]
[Result "1/2-1/2"]
[WhiteElo "2498"]
[BlackElo "2452"]
[Annotator "TA"]
[PlyCount "72"]
[EventDate "2017.??.??"]
[EventType "team-tourn"]
[EventCountry "POR"]
[SourceTitle "playchess.com"]
[Source "ChessBase"]
[SourceQuality "1"]

{[%evp 20,72,33,26,79,70,95,88,93,89,104,79,79,79,79,72,78,77,75,72,71,72,71,72,81,70,70,62,64,59,74,72,81,81,77,71,74,73,100,72,80,70,70,70,70,65,64,62,87,78,85,79,73,76,68]} 1. c4 c5 2. Nf3 Nc6 3. d4 cxd4 4. Nxd4 e6 5. Nc3 Bc5 6. Nb3 Bb4 7. g3 Nf6 8. Bg2 d5 9. cxd5 Nxd5 10. O-O Nxc3 {A33: Symmetrical English: 2 Nf3 Nf6 3 d4 cxd4 4 Nxd4 e6 5 Nc3 Nc6} 11. bxc3 {LiveBook: 12 Games} Be7 (11... Bxc3 $11 {remains equal.} 12. Qxd8+ Nxd8) (11... Qxd1 12. Rxd1 Bxc3 13. Rb1 O-O 14. Ba3 Re8 15. Nc5 a5 16. Nxb7 Bxb7 17. Rxb7 Rac8 18. Rdd7 {½-½ (74) Matlakov,M (2689)-Bologan,V (2607) Berlin 2015}) 12. Qxd8+ $146 ({Predecessor:} 12. Be3 Qc7 13. Nc5 O-O 14. Qa4 e5 15. Na6 bxa6 16. Qxc6 Qxc6 17. Bxc6 Rb8 18. Bxa7 {1-0 (42) Psakhis,L (2565)-Cramling,D (2380) Troon 1984}) 12... Nxd8 {White is slightly better.} 13. Be3 Bd7 14. Na5 Rc8 15. Nxb7 Nxb7 16. Bxb7 Rxc3 17. Bxa7 Rc7 18. Rab1 Bc8 19. Bxc8 {[#] Bb7 is the strong threat.} Rxa7 20. Rb7 Rxb7 21. Bxb7 {[%mdl 4096] Endgame KRB-KRB} Kd7 22. a4 Rb8 23. Bf3 Rb6 24. Rc1 Ra6 25. Bb7 Rb6 26. Be4 Ra6 27. Bd3 Ra7 28. Bb5+ Kd8 29. Kg2 Bb4 30. Rc4 Ba5 31. Rc6 h6 32. Kf3 Be1 33. h4 Bb4 34. Rc4 {White is better.} Ba5 35. g4 Rc7 36. Rd4+ Ke7 {Precision: White = 78%, Black = 60%.} 1/2-1/2

[Event "POR-chT 1st League 2017"]
[Site "Leiria"]
[Date "2017.07.20"]
[Round "6"]
[White "Martinez Duany, Lelys Stanley"]
[Black "Medarde Santiago, Luis Marcos"]
[Result "1/2-1/2"]
[WhiteElo "2495"]
[BlackElo "2354"]
[Annotator "TA"]
[PlyCount "70"]
[EventDate "2017.??.??"]
[EventType "team-tourn"]
[EventCountry "POR"]
[SourceTitle "playchess.com"]
[Source "ChessBase"]
[SourceQuality "1"]

{[%evp 9,70,-15,0,-16,45,8,71,60,197,65,68,56,72,63,58,60,129,129,129,129,127,128,196,133,137,130,128,125,126,129,115,110,120,71,125,35,87,0,0,0,0,0,0,-52,-52,-52,-52,-71,-39,-41,-39,-104,-60,-58,-33,-33,0,0,0,0,0,0,0]} 1. e4 c5 2. Nf3 g6 3. c3 d5 4. d3 (4. exd5 Qxd5 5. d4 Bg7 6. Be2 Nf6 7. c4 Qd8 8. d5 b5 9. O-O O-O 10. a3 bxc4 11. Bxc4 Nbd7 12. Nc3 Nb6 13. Qb3 Nxc4 14. Qxc4 Qb6 15. Re1 Ba6 16. Qh4 Rfe8 17. Ne5 Bb7 {0-1 (32) Bologan,V (2640)-Morozevich,A (2683) Sochi 2016}) 4... dxe4 $146 ({Predecessor:} 4... Nc6 5. Be2 Bg7 6. O-O Nf6 7. e5 Nd7 8. d4 O-O 9. Be3 e6 10. Qd2 a5 11. Na3 cxd4 12. cxd4 {1-0 (70) Nevednichy,V (2548)-Shchekachev,A (2552) Nancy 2017}) 5. dxe4 Qxd1+ 6. Kxd1 {B27: Sicilian: 2 Nf3, unusual Black 2nd moves} b6 (6... Nf6 $11) 7. Ne5 Nd7 (7... Bg7 $11 8. Bb5+ Kf8) 8. Bb5 $16 {aiming for Bc6.White is better.} f6 (8... a6 $14 9. Bc6 Ra7) 9. Nc4 (9. Bc6 $18 Rb8 10. Bf4 fxe5 11. Bxe5) 9... Bb7 $14 10. f3 O-O-O 11. Kc2 Nb8 12. Ne3 $36 {[%mdl 2048] White is pushing.} Ba6 (12... Na6 $14) 13. a4 $16 {[%cal Ba2a4,Ba4b5][%mdl 32]} Kb7 14. Na3 Nc6 15. Nd5 e5 (15... Bxb5 $16 16. axb5 Na5) 16. Nc4 (16. Bxa6+ $18 Kxa6 17. Nc4) 16... Bxb5 17. axb5 Nce7 18. Rd1 {Black must now prevent Nxe7.} Nxd5 19. Rxd5 Rxd5 20. exd5 h5 21. Kd3 Ne7 (21... Rh7 $142) 22. f4 (22. Nd6+ $16 Ka8 23. Ne4) 22... exf4 {[#]} (22... Nxd5 $14 23. fxe5 Be7) 23. d6 ({White should try} 23. Ke4 $1 $16) 23... Nf5 $1 $11 24. Bxf4 {Hoping for Re1.} Bxd6 $1 25. Nxd6+ Nxd6 {[%mdl 4096] Endgame KRB-KRN} 26. Re1 (26. Bxd6 $11 Rd8 27. Re1 Rxd6+ 28. Kc2) 26... Re8 $15 27. Rxe8 Nxe8 {KB-KN} 28. Ke4 {[#]} Kc8 $1 29. Kd5 Kd7 30. h3 (30. Bb8 $15) 30... Ng7 31. g4 hxg4 32. hxg4 f5 (32... Ne6 $5 {[%cal Re6f4]} 33. Bg3 Nd8 $15) 33. Be5 {The position is equal.} Ne6 34. gxf5 gxf5 35. c4 Nd8 {Precision: White = 51%, Black = 44%.} 1/2-1/2

[Event "POR-chT 1st League 2017"]
[Site "Leiria"]
[Date "2017.07.20"]
[Round "6"]
[White "Suarez Garcia, Carlos"]
[Black "Tubio Agrasar, Pablo"]
[Result "1-0"]
[WhiteElo "2455"]
[BlackElo "1988"]
[Annotator "TA"]
[PlyCount "77"]
[EventDate "2017.??.??"]
[EventType "team-tourn"]
[EventCountry "POR"]
[SourceTitle "playchess.com"]
[Source "ChessBase"]
[SourceQuality "1"]

{[%evp 9,77,-19,-12,-19,-16,-29,-4,-20,-2,-24,34,18,28,23,38,38,23,14,42,38,42,39,50,35,96,97,92,103,102,91,91,91,69,43,63,41,37,37,41,31,31,31,31,31,23,23,264,23,23,23,23,49,53,23,23,23,51,8,23,24,197,249,262,262,262,262,262,242,225,233]} 1. d4 Nf6 2. Bg5 d5 3. Bxf6 exf6 4. e3 Bd6 5. g3 c6 (5... O-O 6. Bg2 c6 7. Nd2 Be6 8. Ne2 Nd7 9. O-O f5 10. Rc1 Nf6 11. c4 dxc4 12. Nxc4 Bd5 13. Bxd5 Nxd5 {½-½ (22) Safarli,E (2657)-Iturrizaga Bonelli,E (2641) Berlin 2015}) 6. Nd2 {D00: 1 d4 d5: Unusual lines} Nd7 7. Bg2 O-O 8. Ne2 {[%cal Bg1e2,Be2c3,Bc3d5,Bd5c7][%mdl 32] The position is equal.} Re8 9. O-O Nf8 ({Black should try} 9... Nb6 $11) 10. c4 $14 dxc4 11. Nxc4 Be6 12. Nxd6 Qxd6 13. Nc3 Rad8 $146 14. Qa4 a6 15. Rfd1 f5 16. Qa5 Nd7 ({Black should play} 16... Ng6 $14) 17. d5 $16 cxd5 18. Nxd5 {[#] Hoping for Nc7.} Qc5 19. Qxc5 Nxc5 20. Nc7 Rf8 21. b4 (21. Rxd8 {keeps more tension.} Rxd8 22. Rc1 b6 23. b4 Nd7 24. Nxe6 fxe6 25. Bf1) 21... Ne4 22. Bxe4 (22. g4 {feels hotter.} Bc4 23. Rxd8 Rxd8 24. gxf5 Nc3 25. Bf3) 22... fxe4 23. Nxe6 fxe6 24. Rxd8 Rxd8 $14 {[%mdl 4096] Endgame KR-KR} 25. Rc1 Kf7 26. Rc7+ Kf6 27. Rxb7 Rd1+ $1 28. Kg2 {Black must now prevent Rb6.} Ra1 29. Ra7 Rxa2 30. b5 {[%cal Bb4b5,Bb5b6,Bb6b7][%mdl 32]} a5 31. b6 Rb2 32. b7 Rb1 33. h4 g6 34. g4 {[%cal Bg3g4,Bg4g5][%mdl 32]} e5 $2 {[#]} (34... g5 $1 $11 {and Black stays safe.}) 35. Ra6+ $18 ({Don't do} 35. Rxa5 $6 Rxb7 36. Ra6+ Ke7 $16) 35... Kf7 36. Rxa5 Rxb7 {intending ...Ke6.} 37. Rxe5 Rb4 38. g5 Kg7 39. Re7+ {Precision: White = 65%, Black = 45%.} 1-0

[Event "POR-chT 1st League 2017"]
[Site "Leiria"]
[Date "2017.07.20"]
[Round "6"]
[White "Camacho Collados, Marcos"]
[Black "Polaczek, Richard"]
[Result "1/2-1/2"]
[WhiteElo "2417"]
[BlackElo "2406"]
[Annotator "TA"]
[PlyCount "58"]
[EventDate "2017.??.??"]
[EventType "team-tourn"]
[EventCountry "POR"]
[SourceTitle "playchess.com"]
[Source "ChessBase"]
[SourceQuality "1"]

{[%evp 15,58,6,15,11,41,15,94,94,95,95,83,78,97,77,86,56,85,32,25,0,0,-8,0,0,0,-7,98,127,144,139,162,159,144,55,166,127,108,10,46,0,0,0,0,0,0]} 1. d4 e6 2. c4 Nf6 3. Nc3 Bb4 4. e3 {[%cal Be2e3,Be3e4][%mdl 32]} b6 5. f3 c5 6. d5 O-O 7. e4 d6 8. Nge2 b5 9. Ng3 {E20: Nimzo-Indian: 4 g3 and 4 f3} (9. cxb5 exd5 10. exd5 Re8 $15) 9... Re8 10. Bf4 Bb7 $146 (10... Qb6 $11 {keeps the balance.}) ({Predecessor:} 10... bxc4 11. Bxc4 Ba6 12. Bxa6 Nxa6 13. O-O c4 14. Kh1 Nc5 15. dxe6 Nxe6 {½-½ (42) Bocharov,D (2580)-Vitiugov,N (2733) Taganrog 2011}) 11. Be2 $16 {White is better.} exd5 12. cxd5 c4 13. O-O Nbd7 14. Kh1 (14. Nxb5 $6 Qb6+ 15. Nd4 Bc5 $11) 14... a6 15. Nf5 Ne5 16. Qd2 (16. a4 $16) 16... Bc8 $14 17. g4 Bc5 18. a4 $36 {[%mdl 2048] White has good play.} Bxf5 19. gxf5 Qb6 20. Bg5 Kf8 (20... Nfd7 $11) 21. Bxf6 $1 $16 gxf6 22. Qh6+ $1 Ke7 {[#]} 23. f4 $1 {[%cal Rf4e5]} (23. Qxh7 $2 Rh8 $19) 23... Nd7 24. Bh5 ({But not} 24. Qxh7 $2 Rh8 $19) ({White should play} 24. e5 $16 {e6 is the strong threat.} dxe5 25. Bh5) 24... Rf8 (24... b4 $1 $14) 25. axb5 ({Don't do} 25. Qxh7 $6 bxa4 26. Nxa4 Qb5 $14) 25... axb5 {[#]} 26. Rxa8 ({Not} 26. Qxh7 Rxa1 27. Rxa1 b4 $17) (26. e5 $1 $16 {[%cal Re5e6]} Rxa1 27. Rxa1 dxe5 28. fxe5 Nxe5 29. Ne4) 26... Rxa8 $11 27. Bxf7 Kxf7 {The position is equal.} 28. Qxh7+ Ke8 29. Qg6+ Ke7 {Precision: White = 55%, Black = 54%.} 1/2-1/2

[Event "POR-chT 1st League 2017"]
[Site "Leiria"]
[Date "2017.07.20"]
[Round "6"]
[White "Polaczek, Richard"]
[Black "Camacho Collados, Marcos"]
[Result "*"]
[WhiteElo "2406"]
[BlackElo "2417"]
[Annotator "TA"]
[PlyCount "58"]
[EventDate "2017.??.??"]
[EventType "team-tourn"]
[EventCountry "POR"]
[SourceTitle "playchess.com"]
[Source "ChessBase"]
[SourceQuality "1"]

{[%evp 18,58,2,-4,95,100,108,95,111,79,67,74,100,55,88,26,20,0,0,0,0,0,0,0,62,93,177,160,163,174,172,69,154,110,110,7,69,0,0,0,0,0,0]} 1. d4 e6 2. c4 Nf6 3. Nc3 Bb4 4. e3 {[%cal Be2e3,Be3e4][%mdl 32]} b6 5. f3 c5 6. d5 O-O 7. e4 d6 8. Nge2 b5 9. Ng3 {E20: Nimzo-Indian: 4 g3 and 4 f3} Re8 10. Bf4 {LiveBook: 4 Games} Bb7 $146 (10... Qb6 $1 $11) ({Predecessor:} 10... bxc4 11. Bxc4 Ba6 12. Bxa6 Nxa6 13. O-O c4 14. Kh1 Nc5 15. dxe6 Nxe6 {½-½ (42) Bocharov,D (2580)-Vitiugov,N (2733) Taganrog 2011}) 11. Be2 $16 {White is better.} exd5 12. cxd5 c4 13. O-O Nbd7 14. Kh1 a6 15. Nf5 Ne5 16. Qd2 (16. a4 $16) 16... Bc8 $11 17. g4 Bc5 18. a4 Bxf5 19. gxf5 Qb6 20. Bg5 Kf8 (20... Nfd7 $11) 21. Bxf6 $14 gxf6 (21... Be3 $16 {is a better defense.} 22. Bxg7+ (22. a5 Qa7 $14) 22... Kxg7) 22. Qh6+ $1 $18 Ke7 23. f4 $1 {[%cal Rf4e5]} (23. Qxh7 $2 Rh8 $19) 23... Nd7 24. Bh5 (24. Qxh7 $2 Rh8 $19) (24. e5 $1 $18 {[%cal Re5e6] Hoping for e6.} dxe5 25. d6+ $1 {[%mdl 512]} Kd8 26. axb5 (26. Qxh7 Rb8 $16)) 24... Rf8 (24... b4 $1 $14) 25. axb5 (25. Qxh7 bxa4 26. Qg7 (26. Nxa4 Qb4 $14) (26. Rxa4 $2 Qxb2 27. Ne2 Qc2 $19) 26... Qxb2 $15) 25... axb5 {[#]} 26. Rxa8 (26. Qxh7 Rxa1 27. Rxa1 b4 $17) ({Better is} 26. e5 $1 $16 Rxa1 27. Rxa1 dxe5 {[#]} 28. d6+ $1 {[%mdl 512]} Qxd6 29. Bf3 exf4 30. Nd5+ Ke8 31. Ra8+ Nb8 32. Nxf6+ Ke7 33. Ra1 (33. Nd5+ Kd7 $16)) 26... Rxa8 $11 27. Bxf7 ({Much worse is} 27. Qxh7 Rf8 $11) (27. Qg7 $1 $14 Rf8 28. e5 (28. Qxh7 Bd4 $15) 28... dxe5 29. fxe5 (29. Qxh7 Bd4 $17) 29... Nxe5 30. Ne4 (30. Qxh7 Qd8 $17)) 27... Kxf7 {The position is equal.} 28. Qxh7+ Ke8 29. Qg6+ Ke7 {Precision: White = 55%, Black = 49%.} *

[Event "POR-chT 1st League 2017"]
[Site "Leiria"]
[Date "2017.07.20"]
[Round "6"]
[White "Luch, Michal"]
[Black "Iturrizaga Bonelli, Eduardo"]
[Result "0-1"]
[WhiteElo "2393"]
[BlackElo "2664"]
[Annotator "TA"]
[PlyCount "80"]
[EventDate "2017.??.??"]
[EventType "team-tourn"]
[EventCountry "POR"]
[SourceTitle "playchess.com"]
[Source "ChessBase"]
[SourceQuality "1"]

{[%evp 11,80,13,39,29,54,40,68,27,44,52,42,38,35,29,20,0,0,0,0,2,10,0,7,-27,-33,-21,-24,-63,-66,-66,0,0,0,-41,-41,-41,-41,-41,-41,-41,-41,-77,-77,-77,-77,-77,-77,-77,-86,-148,-148,-150,-115,-115,-115,-115,-115,-115,-117,-117,-115,-115,0,-117,-117,-117,-117,-125,-117,-117,-124]} 1. c4 c5 2. g3 g6 3. Bg2 Bg7 4. Nc3 Nc6 5. a3 d6 6. Rb1 Bf5 7. d3 {A36: Symmetrical English vs ...g6: 4 Bg2 Bg7} Qd7 8. Bd2 h5 $146 ({Predecessor:} 8... Nf6 9. h3 O-O 10. Nf3 Rac8 11. g4 Be6 12. Ng5 h5 13. Nxe6 Qxe6 14. g5 Nh7 {½-½ (53) Vassallo Barroche,M (2442)-Gharamian,T (2663) Lille 2013}) 9. h4 {White is slightly better.} Nf6 10. b4 O-O 11. Nf3 Rab8 12. b5 Nd4 13. Nxd4 (13. Ng5 {with more complications.} Ng4 14. O-O a6 15. a4 Ne5 16. Nd5) 13... cxd4 14. Nd5 Nxd5 15. Bxd5 e6 16. Bf3 Rbe8 17. e4 dxe3 $1 18. Bxe3 d5 19. cxd5 exd5 20. O-O Qd6 (20... Rc8 $15 21. Rb3 Rfe8) 21. Bf4 $11 Qxa3 22. Qb3 (22. Rb3 {is interesting.} Qe7 23. Bc1 Bd4 24. Bh6 Be6 25. Bxf8 Rxf8 26. Qd2) 22... Qxb3 23. Rxb3 Rd8 $36 {[%mdl 2048] Black has some pressure.} 24. Be3 b6 25. d4 Rd7 26. Ra1 Rc8 27. Rba3 Rcc7 28. Be2 Bf8 29. R3a2 Bd6 30. Bf4 (30. Bc1 $142) 30... Bxf4 $17 31. gxf4 Kf8 32. f3 Ke8 33. Kf2 Re7 34. Rd2 Kd7 35. Ra3 Bc2 36. Bf1 Bf5 37. Be2 $1 Kd6 {Black is better.} 38. Rda2 Ke6 39. Bf1 Kf6 40. Be2 Bb1 {Precision: White = 63%, Black = 67%.} 0-1

[Event "POR-chT 1st League 2017"]
[Site "Leiria"]
[Date "2017.07.20"]
[Round "6"]
[White "Trigo Urquijo, Sergio"]
[Black "Maisuradze, Nino"]
[Result "1-0"]
[WhiteElo "2389"]
[BlackElo "2266"]
[Annotator "TA"]
[PlyCount "70"]
[EventDate "2017.??.??"]
[EventType "team-tourn"]
[EventCountry "POR"]
[SourceTitle "playchess.com"]
[Source "ChessBase"]
[SourceQuality "1"]

{[%evp 21,70,14,22,15,17,15,32,12,20,-3,12,8,20,10,13,4,0,16,22,17,18,18,18,17,22,22,33,31,20,23,15,23,61,69,141,139,249,250,251,246,295,295,300,283,368,381,402,341,327,294,292]} 1. d4 d5 2. c4 e6 3. Nc3 Be7 4. cxd5 exd5 5. Bf4 c6 6. Qc2 Bd6 7. Bxd6 {D31: Queen's Gambit Declined: Semi-Slav without ...Nf6 (+ Marshall Gambit and Noteboom) and Exchange Variation lines without ...Nf6} Qxd6 8. e3 Ne7 9. Bd3 b6 10. Nf3 Ba6 11. O-O Bxd3 {LiveBook: 23 Games} 12. Qxd3 O-O (12... Nd7 13. e4 O-O 14. Rfe1 Rfe8 15. Rac1 dxe4 16. Nxe4 {1-0 (54) Nakamura,H (2787)-Fressinet,L (2687) Paris 2016}) 13. a3 $146 ({Predecessor:} 13. Rfe1 Nd7 14. Rac1 Nf6 15. a3 Ng6 16. Qa6 Qe7 17. Rc2 Rfc8 18. Rec1 c5 19. dxc5 bxc5 20. Ne2 {½-½ (20) David,A (2572)-Rychagov,A (2558) Anogia 2016}) 13... Nd7 14. Ne2 a5 15. a4 Rfb8 16. Qa3 Qb4 17. Nf4 c5 18. Rfc1 c4 19. b3 Qxa3 20. Rxa3 b5 21. axb5 Rxb5 22. bxc4 dxc4 23. Kf1 Nb6 24. Nd2 a4 25. Ne2 Rb4 26. Nc3 Rc8 27. Rb1 Ned5 {[#]} (27... Rxb1+ $14 28. Ndxb1 f5) 28. Nxd5 $1 $16 Nxd5 (28... Rxb1+ $16 {might work better.} 29. Nxb1 Nxd5) 29. Rxb4 $18 Nxb4 30. Rxa4 $16 {[%mdl 4096] Endgame KRN-KRN} Rb8 {Black hopes to continue with ...c3.} 31. Nxc4 Nd5 {[#] ...Rb1+ is the strong threat.} 32. g3 f5 33. Ra5 Ne7 34. Kg2 g6 35. Ra7 Nd5 {Precision: White = 59%, Black = 47%.} 1-0

[Event "POR-chT 1st League 2017"]
[Site "Leiria"]
[Date "2017.07.20"]
[Round "6"]
[White "Espineira Gonzalez, Diego"]
[Black "Santos, Antonio P"]
[Result "*"]
[WhiteElo "2364"]
[BlackElo "2237"]
[Annotator "TA"]
[PlyCount "56"]
[EventDate "2017.??.??"]
[EventType "team-tourn"]
[EventCountry "POR"]
[SourceTitle "playchess.com"]
[Source "ChessBase"]
[SourceQuality "1"]

{[%evp 14,56,17,0,6,13,20,18,18,18,18,18,18,19,30,29,44,-30,-31,-34,0,-18,-18,-26,-34,-48,-35,-55,-5,-21,-7,-9,-7,-12,-10,-13,0,0,0,0,0,0,0,0,0]} 1. e4 c5 2. Nf3 Nc6 3. d4 cxd4 4. Nxd4 e6 5. Nb5 d6 6. c4 Nf6 7. N5c3 Be7 {B44: Sicilian: Taimanov: 5 Nb5} 8. g3 {LiveBook: 34 Games} h5 9. h3 d5 $146 ({Predecessor:} 9... h4 10. g4 Nd7 11. Be3 g5 12. Nb5 Nde5 13. N1c3 b6 14. Be2 Bb7 15. Qd2 {0-1 (38) Espineira Gonzalez,D (2360)-Lopez Martinez,J (2549) Linares 2014}) 10. exd5 exd5 11. cxd5 Nb4 12. a3 Nbxd5 13. Bg2 {[%cal Rc3d5]} Be6 14. O-O Qd7 15. Qf3 ({White should play} 15. Re1 $14) 15... Rd8 $11 16. Rd1 Qc8 17. Bg5 O-O 18. Rc1 {[#] Strongly threatening Nxd5.} Qd7 19. Rd1 {Bxf6 is the strong threat.} Qc7 20. Qe2 Rfe8 21. Nb5 {The position is equal.} Qb6 {Black wants to play ...Bc5.} 22. N1c3 $1 a6 23. Nd4 Nxc3 24. bxc3 Bc8 25. Bxf6 Bxf6 26. Qxh5 Re5 27. Qf3 Rc5 28. Rd3 Qb2 {Precision: White = 50%, Black = 50%.} *

[Event "POR-chT 1st League 2017"]
[Site "Leiria"]
[Date "2017.07.20"]
[Round "6"]
[White "Hammes, Michael"]
[Black "Petkov, Vladimir"]
[Result "0-1"]
[WhiteElo "2349"]
[BlackElo "2489"]
[Annotator "TA"]
[PlyCount "56"]
[EventDate "2017.??.??"]
[EventType "team-tourn"]
[EventCountry "POR"]
[SourceTitle "playchess.com"]
[Source "ChessBase"]
[SourceQuality "1"]

{[%evp 9,56,0,21,-9,27,10,0,0,0,-24,-10,-39,-39,-28,-29,-20,-31,-91,0,0,6,-6,0,-3,0,0,0,0,0,-6,0,-21,12,0,13,0,61,0,57,54,80,0,22,35,94,0,0,0,0]} 1. d4 Nf6 2. c4 e6 3. Nc3 Bb4 {[%cal Bf8b4,Bb4a5,Ba5c7][%mdl 32]} 4. e3 O-O 5. Nge2 c6 (5... d5 6. a3 Be7 7. cxd5 exd5 8. Nf4 c6 9. Bd3 Na6 10. O-O Nc7 11. Qc2 Bd6 12. f3 Re8 13. Nce2 Qe7 14. Ng3 c5 15. Qf2 b6 16. Bd2 g6 17. dxc5 bxc5 {0-1 (28) Nakamura,H (2787)-Carlsen,M (2853) chess.com INT 2016}) 6. a3 {E46: Nimzo-Indian: Rubinstein: 4 e3 0-0 5 Ne2 without early Bd3} Ba5 7. b4 Bc7 8. Bb2 d5 9. Ng3 Nbd7 10. f4 dxc4 $146 ({Predecessor:} 10... Nb6 11. c5 Nc4 12. Bxc4 dxc4 13. Nh5 {0-1 (85) Berczes,D (2532)-Medvegy,Z (2552) Zalakaros 2013}) 11. Bxc4 a5 12. bxa5 Nd5 13. Qd3 {[#]} (13. Qc1 $15) 13... Qh4 ({Better is} 13... b5 $1 $17 {[%cal Rb5c4]} 14. Bb3 Ba6) 14. O-O $11 Rxa5 15. Nce2 f5 16. Bc3 Ra8 17. Bb4 Re8 18. Bxd5 exd5 19. Nxf5 Qf6 20. g4 Qe6 (20... Qf7 $5 {[%cal Rd7f6]}) 21. Neg3 $36 {[%mdl 2048] White is more active.} Nf6 22. h3 b6 ({Black should play} 22... h5 $11) 23. Rfe1 (23. Qc2 $14) 23... Ba6 (23... g6 $11 24. g5 gxf5 25. gxf6 Qxf6) 24. Qd2 h5 25. Qh2 (25. Rac1 $16) 25... hxg4 (25... g6 $5 {[%cal Rg6f5]} 26. Nh4 hxg4 27. Nxg6 c5 28. dxc5 bxc5 29. Bxc5 Bd3 $11) 26. hxg4 Kf7 {[#]} ({Black should try} 26... Nxg4 $14 27. Qh5 Nh6) 27. Qh4 (27. Rac1 $1 $16 {Black must now prevent g5.} Bd3 28. g5) 27... Rh8 $1 {[%cal Rh8h4]} 28. Qg5 Rh7 {[%mdl 32768] Precision: White = 49%, Black = 52%. . Loss on Time!?} 0-1